何月? - Statistics

General Stats
  • This quiz has been taken 30 times
  • The average score is 4 of 15
Answer Stats
Hint Answer % Correct
地球の周りをまわる衛星
100%
黒部川沿いの山間部にある温泉地 宇奈月
79%
刺胞動物門に属する、海中を浮遊するゼラチン質の生き物の総称 海月
45%
紀元前2世紀〜1世紀頃、中央アジアのアム川流域に移動し、バクトリアを征服して建国したイラン系の遊牧民族の国家、〇〇氏 大月
45%
長浜市にある北陸本線の駅 高月
41%
千葉県木更津市を中心に展開する、温泉、大型プール、バイキング料理が名物のファミリー向けリゾートホテルグループ 三日月
34%
福岡県朝倉郡にあった町 秋月
14%
台湾中部の南投県に位置する台湾最大の天然淡水湖、〇〇潭 日月
10%
中山道25番目の宿場町 望月
7%
主に台湾での陰暦七月の別称、一日に地獄の鬼門が開かれので死者の霊がこの世に戻ってきて、晦日に霊が帰って鬼門が閉じられる 鬼月
3%
トルコ東部の県都、人口は31万人程度で「セバスチャン」の語源 シワス
3%
地球から見て月が遠くの恒星を基準にして地球の周りを1周する期間 恒星月
0%
第二次世界大戦中・戦後、灯台守夫婦が日本各地の灯台を転勤する生活を描いた作品 喜びも悲しみも幾歳月
0%
アラビアや北アフリカの砂漠で吹く激しい砂まじりの熱風 シムーン
0%
ヨルダン川西岸のパレスチナ自治区北部の村、ジェニンの北西にある ヤムーン
0%
No matching quizzes found
Score Distribution
Percent of People with Each Score
Percentile by Number Answered
Your Score History
You have not taken this quiz